000 00401nam a22001457a 4500
005 20240313114431.0
008 240313b ||||| |||| 00| 0 eng d
040 _cAL
041 _aeng
082 _223
_a658.8
_bPOSI
100 _aShaswath Shetty
_9154066
245 _aPositioning Strategies of Mathias Aluminium and Plastics
260 _aMangalore
_bSt Aloysius College
_c2002
942 _2ddc
_cPRO
999 _c230271
_d230271